000 00713nam a2200289Ia 4500
005 20260324125228.0
008 008 260324s9999 xx 000 0 eng d
020 _a9780203884584
037 _aEBOOK
040 _aCRL
040 _beng
040 _cCRL
041 _2eng
041 _aeng
084 _qCRL
100 _aGlynis Cousin
_91177187
245 0 _aResearching Learning in Higher Education
245 3 _bAn Introduction to Contemporary Methods and Approaches
260 _bTaylor and Francis
260 _c2009
365 _a
365 _b240
856 _uhttp://www.taylorfrancis.com/books/9780203884584
942 _cEBOOK
999 _c1772248
_d1772248